LEADER 01342nam a2200289 a 4500 001 000000128265 003 CaOOAMICUS 005 20120329113617.0 008 120329s2011 it ad u000 u ita r 040 $aPUL$bita 041 1 $aita$heng 082 04$a510 100 1 $aBarrow, John D.,$d1952-$0(OLS)http://pul/name/40492 240 10$a100 essential things you didn't know you didn't know.$lItaliano.$0(OLS)http://pul/title/162079 245 10$aCento cose essenziali che non sapevate di non sapere :$bi meccanismi segreti del mondo che ci circonda /$cJohn D. Barrow. 260 $aMilano :$bGruner+Jahr/Mondadori,$c2011. 300 $a282 p. :$bill., graf. ;$c21 cm. 490 1 $aI saggi di Focus 650 4$aMatematica$xStudio e insegnamento.$0(OLS)http://pul/subject/23832 830 2$aI saggi di Focus.$0(OLS)http://pul/title/162072 850 $aPUL 852 $aPUL$W1$xSL Cons. Gen., Altre Classi 3$y75$m510 BARJO 1$j148437$qDDC 21$B147043$CPULBib$Z2$F147043 $H119161 $82 941 1 $a9 996 $6082$a510$9(OLS)http://pul/classification/517 996 $6245$aCento cose essenziali che non sapevate di non sapere :$bi meccanismi segreti del mondo che ci circonda$9(OLS)http://pul/title/162078 996 $6260$aMilano :$bGruner+Jahr/Mondadori$9(OLS)http://pul/publisher/81949 LEADER 01128nam a2200289 a 4500 001 000000172708 003 CaOOAMICUS 005 20190930155501.0 008 190930s2015 it u000 u ita r 032 $aLibriCat 035 $a978-88-07-22700-4* 040 $aPUL$bita 100 1 $aSini, Carlo,$d1933-$0(OLS)http://pul/name/35208 245 10$aEnzo Paci :$bil filosofo e la vita / $cCarlo Sini. 260 $aMilano :$bFeltrinelli Editore,$cİ2015. 300 $a141 p. ;$c22 cm 440 0$aEredi$bFeltrinelli 504 $aNote bibliografiche. 600 10$aPaci, Enzo,$d1911-1976.$2//eng$0(OLS)http://pul/subject/20270 830 0$aEredi$bFeltrinelli.$0(OLS)http://pul/title/213704 850 $aPUL 852 $aPUL$W1$xSL Filosofia 3$y81$m195 SINCA 2$j196653$qDDC 21$B201427$CPULBib$Z2$F201427 $H133532 $82 941 1 $a9 996 $6245$aEnzo Paci :$bil filosofo e la vita / $9(OLS)http://pul/title/213703 996 $6440$aEredi$bFeltrinelli$9(OLS)http://pul/title/213704 996 $6260$aMilano :$bFeltrinelli Editore$9(OLS)http://pul/publisher/66802